000 00590nam a2200193Ia 4500
005 20250326142525.0
008 250326s9999 xx 000 0 und d
020 _a0-88730-350-1
037 _aTextbook
040 _aFMSL
_beng
_cFMSL
041 _aeng
_2eng
084 _aX8(A).42 M9
_qFMSL
100 _aJohnson C & Others
_9746200
245 0 _aPolitics and productivity: how Japan's development strategy works.
_cJohnson C & Others
260 _aNew York
_bNew York, Ballinger Pub.
_c1989
300 _a353p
942 _cTB
_hX8(A).42 M9
999 _c1295436
_d1295436